<?xml version="1.0" encoding="UTF-8"?>
<marc:record xmlns:marc="http://www.loc.gov/MARC21/slim">
   <marc:leader>00000nam a2200000 a 4500</marc:leader>
   <marc:datafield ind1="1" ind2=" " tag="100">
      <marc:subfield code="a">Steinbach, Silvia</marc:subfield>
      <marc:subfield code="4">ctb</marc:subfield>
      <marc:subfield code="e">Mitwirkende/-r</marc:subfield>
   </marc:datafield>
   <marc:datafield ind1="1" ind2=" " tag="100">
      <marc:subfield code="a">Drouve, Andreas</marc:subfield>
      <marc:subfield code="4">ctb</marc:subfield>
      <marc:subfield code="e">Mitwirkende/-r</marc:subfield>
   </marc:datafield>
   <marc:datafield ind1=" " ind2=" " tag="653">
      <marc:subfield code="a">Bildband</marc:subfield>
   </marc:datafield>
   <marc:datafield ind1="0" ind2="0" tag="245">
      <marc:subfield code="a">Santiago de Compostela</marc:subfield>
   </marc:datafield>
   <marc:datafield ind1="0" ind2="0" tag="245">
      <marc:subfield code="b">die Stadt des heiligen Jakobus</marc:subfield>
   </marc:datafield>
   <marc:datafield ind1="0" ind2="0" tag="245">
      <marc:subfield code="c">fotogr. von Silvia Steinbach. Mit Texten von Andreas Drouve</marc:subfield>
   </marc:datafield>
   <marc:datafield ind1=" " ind2="1" tag="264">
      <marc:subfield code="a">Innsbruck</marc:subfield>
      <marc:subfield code="b">Tyrolia-Verl.</marc:subfield>
      <marc:subfield code="c">2008</marc:subfield>
   </marc:datafield>
   <marc:datafield ind1=" " ind2=" " tag="250">
      <marc:subfield code="a">1. Aufl.</marc:subfield>
   </marc:datafield>
   <marc:datafield ind1="1" ind2=" " tag="520">
      <marc:subfield code="a">Angaben aus der Verlagsmeldung

Santiago de Compostela : Die Stadt des heiligen Jakobus / von Andreas Drouve

Das Flair der Stadt des heiligen Jakobus aus neuen Perspektiven.

Stimmungsvolle architektonische Situationen, erhellende Einblicke unter die Oberfläche der Pilgermetropole, erheiternde Episoden: die talentierte junge Fotografin Silvia Steinbach versteht es, die unterschiedlichsten und widersprüchlichsten Geheimnisse aus dem Leben der spanischen Jakobsstadt ins Bild zu fassen. Der Santiago-Insider Andreas Drouve untermauert diese Impressionen mit neuen und alten Mythen und Erzählungen rund um die Stätte des legendären Apostelgrabs.

Tipp: Den Charme der Pilgerhauptstadt erleben
- Ein modernes, hochwertiges Geschenkbuch mit gelungenen Kunst-Fotografien der barocken Metropole am Ziel des Jakobswegs
- Mystische Lebens-Bilder, untermauert von authentischen Erzählungen
- Die ansprechende Ergänzung zu unserer Jakobsweg-Kollektion
</marc:subfield>
   </marc:datafield>
   <marc:datafield ind1=" " ind2=" " tag="020">
      <marc:subfield code="a">9783702229085</marc:subfield>
      <marc:subfield code="9">9783702229085</marc:subfield>
   </marc:datafield>
   <marc:datafield ind1=" " ind2=" " tag="020">
      <marc:subfield code="a">3702229086</marc:subfield>
      <marc:subfield code="9">3702229086</marc:subfield>
   </marc:datafield>
   <marc:datafield ind1=" " ind2=" " tag="041">
      <marc:subfield code="a">ger</marc:subfield>
   </marc:datafield>
   <marc:datafield ind1=" " ind2=" " tag="300">
      <marc:subfield code="a">45 S.</marc:subfield>
   </marc:datafield>
</marc:record>
